| 000 | 01048 a2200217 4500 | ||
|---|---|---|---|
| 999 |
_c5609 _d5609 |
||
| 020 | _a9781920118747 | ||
| 050 | 0 | 0 | _aRA 643.86 CHI 2009 |
| 100 | 1 |
_aChirambo, Kondwani. _eAuthor |
|
| 245 | 1 | 0 |
_aAIDS and local government in South Africa : _bexamining the impact of an epidemic on ward councillors / _cby Kondwani Chirambo and Justin Steyn ; with additional research by Christele Diwouta and Njinga Kankinza. |
| 264 |
_aPretoria: _bIdasa, _c2009 |
||
| 300 |
_avi, 118 p. : _bill., maps ; |
||
| 500 | _a"Supported by the Social Science Research Council, the Clingedael Institute, and the University of KwaZulu-Natal (UKZN)"--T.p. verso. | ||
| 504 | _aIncludes bibliographical references (p. 105-108). | ||
| 650 | 0 |
_aMunicipal officials and employees _xHealth and hygiene |
|
| 650 | 0 | _aAIDS (Disease) | |
| 650 | 0 |
_aAIDS (Disease) _xEconomic aspects |
|
| 700 | 1 |
_aSteyn, Justin. _eAuthor |
|
| 710 | 2 | _aInstitute for Democracy in South Africa. | |
| 942 |
_2lcc _cBK _h643.86 _iCHI _kRA |
||